| LEADER | 01931nam a2200337 u 4500 | ||
|---|---|---|---|
| 001 | 10088248 | ||
| 003 | upatras | ||
| 005 | 20240105113524.0 | ||
| 008 | 101210s2008 gr gre | ||
| 020 | |a 9789604552184 | ||
| 040 | |a ΠΑΝΕΠΙΣΤΗΜΙΟ ΠΑΤΡΑΣ |c ΠΑΝΕΠΙΣΤΗΜΙΟ ΠΑΤΡΑΣ | ||
| 041 | 0 | |a gre | |
| 082 | 0 | 4 | |a 371.829 |
| 100 | 1 | |a Δραγώνα, Θάλεια Γ., |d 1952- |4 edt |9 53227 | |
| 245 | 1 | 0 | |a Πρόσθεση όχι αφαίρεση, πολλαπλασιασμός όχι διαίρεση |b η μεταρρυθμιστική παρέμβαση στην εκπαίδευση της μειονότητας της Θράκης |c Θάλεια Δεαγώνα, Άννα Φραγκουδάκη (επιμέλεια) |
| 250 | |a 1η έκδ. | ||
| 260 | |a Αθήνα |b Μεταίχμιο |c 2008 | ||
| 300 | |a 549 σ. |b εικ. |c 24 εκ. | ||
| 490 | 0 | |a Επιστήμες | |
| 504 | |a Περιέχει βιβλιογραφικές παραπομπές και ευρετήριο | ||
| 650 | 4 | |a Μουσουλμάνοι στην Ελλάδα |x Εκπαίδευση |9 48840 | |
| 650 | 4 | |a Μειονότητες |x Εκπαίδευση |z Ελλάδα |z Θράκη |9 48839 | |
| 650 | 4 | |a Εκπαιδευτικές αλλαγές |z Ελλάδα |9 43731 | |
| 760 | 0 | |a Επιστήμες | |
| 700 | 1 | |9 34387 |a Φραγκουδάκη, Άννα, |d 1940- |4 edt | |
| 852 | |a GR-PaULI |b ΠΑΤΡΑ |b ΠΤΔΕ |k ΑΣΧΕ |h 371.829 ΔΡΑ |m 10942 |p 025000193644 |t 1 | ||
| 942 | |2 ddc |c BK15 | ||
| 952 | |0 0 |1 0 |4 0 |6 371_829000000000000_ΔΡΑ |7 0 |9 95066 |a PTDE |b PTDE |d 2016-04-24 |i 10942 |l 0 |o 371.829 ΔΡΑ |p 025000193644 |r 2016-04-24 00:00:00 |t 1 |w 2016-04-24 |y BK15 | ||
| 952 | |0 0 |1 0 |2 ddc |4 0 |6 371_000000000000000_ΔΡΑ_ΣΥ_Κ |7 0 |9 232040 |a ARCH |b ARCH |c DON |d 2019-05-16 |i 013039 |l 0 |o 371 ΔΡΑ ΣΥ.Κ |p 025000213183 |r 2019-05-16 00:00:00 |t 2 |w 2019-05-16 |y BKD |z Συλλογη Κασιματη | ||
| 998 | |c ΤΣΕΝΕ |d 2010-12 | ||
| 999 | |c 63986 |d 63986 | ||